000 00408nam a2200169Ia 4500
001 4404
003 IN-NITTTR
005 20251114232959.0
008 251113s9999||||xx |||||||||||||| ||eng||
040 _beng
040 _cIN-NITTTR
041 _aeng
082 _a599.03 B953S
100 _aBurton, Maurice
245 0 _aSystematic dictionary of mammals of the world. /
_cBurton, Maurice
942 _2ddc
_cBK
999 _c7040
_d7040